00814 a2200145 4500003000500000005001700005040000900022082001200031100001500043245006300058260004700121300001400168505047100182650001500653Nust20230321133031.0 cNust a657,ELL aEllis,H.L. aThe Principles and Interpretation of Accounts /cH.L.Ellis aLondonbSlr Isaac Pitman & Sons, LTDc1947 aix,162 p. aGeneral Principles (Page-1), Accounting (Page-6), The Cash Book (Page-15), Capital (Page-19), Subsidiary Books and Departmental Accounts (Page-25), The Trial Balance Sectional Balancing (Page-30), The Trading Account Turnover (Page-41), Adjustments (Page-65), The Balance Sheet (Page-83), Limited Companies Balance Sheets (Page-98), Profits Inner Reserves (Page-111), Balance Sheet Analysis (Page-118), Cost Accounts (Page-137), Mechanization of Accounts (Page-146). aAccounting